000 01253nam0a22002651 4500
001 rc\3635859
005 20130115145141.8
021 _aRU
_b[74-72697]
035 _a(NLR Aleph) 007826963
090 _a7762566
_c7762566
100 _a20130115d1974 |||y0rusy50 ca
101 0 _arus
102 _aRU
105 _ay z |||||
200 1 _aМетодические рекомендации по осуществлению санитарного надзора в производстве трикрезилфосфата
_e(Вопросы гигиены труда, ранней диагностики и профилактики профзаболеваний)
_fМ-во здравоохранения РСФСР. Куйбышев. науч.-исслед. ин-т гигиены
210 _aКуйбышев
_cБ. и.
_d1974
215 _a15 с.
_d20
300 _aНа обороте тит. л.: разраб. канд. мед. наук В.С. Айзенштадт
606 _aТрикрезилфосфат
_xПроизводство
_xСанитарный надзор
_2psbo
702 1 _aАйзенштадт
_bВ. С.
_4570
801 0 _aRU
_bNLR
_gpsbo
801 1 _aRU
_bELAR
_2rusmarc
852 _aNLR
_j74-4/21377
942 _cBOOK
980 _aNB